Turbulence (Record no. 5373)

000 -LEADER
fixed length control field 00511nam a2200205 i 4500
001 - CONTROL NUMBER
control field 5373
003 - CONTROL NUMBER IDENTIFIER
control field BD-DhUET
008 - FIXED-LENGTH DATA ELEMENTS--GENERAL INFORMATION
fixed length control field 750220s1975 nyua b 001 0 eng
020 ## - INTERNATIONAL STANDARD BOOK NUMBER
International Standard Book Number 0070290377
040 ## - CATALOGING SOURCE
Original cataloging agency DLC
Transcribing agency DLC
Modifying agency BD-DhUET
082 00 - DEWEY DECIMAL CLASSIFICATION NUMBER
Classification number 532.56
Item number HIN/1975
100 1# - MAIN ENTRY--PERSONAL NAME
Personal name Hinze, J. O.
245 00 - TITLE STATEMENT
Title Turbulence
250 ## - EDITION STATEMENT
Edition statement 2nd ed.
260 ## - PUBLICATION, DISTRIBUTION, ETC. (IMPRINT)
Place of publication, distribution, etc. New York
Name of publisher, distributor, etc. McGraw-Hill
Date of publication, distribution, etc. 1975
300 ## - PHYSICAL DESCRIPTION
Extent x,790p.
Other physical details ill.
Dimensions 24 cm.
490 0# - SERIES STATEMENT
Series statement McGraw-Hill series in mechanical engineering
650 #0 - SUBJECT ADDED ENTRY--TOPICAL TERM
Topical term or geographic name as entry element Turbulence
942 ## - ADDED ENTRY ELEMENTS (KOHA)
Koha item type General Book
Holdings
Koha normalized classification for sorting Shelving location Damaged status Sublocation or collection (holding branch) Location (home branch) Koha date last seen Source of classification or shelving scheme Copy number Price effective from Date acquired Lost status Koha full call number Koha issues (times borrowed) Piece designation (barcode) Koha date last borrowed Koha item type Not for loan Withdrawn status
532_560000000000000_HIN_1975Circulation section Central Library, BUETCentral Library, BUET2014-11-26 12014-11-262014-11-26 532.56/HIN/1975 63813 General Book  
532_560000000000000_HIN_1975Circulation section Central Library, BUETCentral Library, BUET2014-11-26 22014-11-262014-11-26 532.56/HIN/1975 63816 General Book  
532_560000000000000_HIN_1975Circulation section Central Library, BUETCentral Library, BUET2014-12-07 32014-12-072014-12-07 532.56/HIN/1975 44334 General Book  
532_560000000000000_HIN_1975Circulation section Central Library, BUETCentral Library, BUET2014-12-07 42014-12-072014-12-07 532.56/HIN/1975 63807 General Book  
532_560000000000000_HIN_1975Circulation section Central Library, BUETCentral Library, BUET2015-03-29 52014-12-072014-12-07 532.56/HIN/19751638122015-03-25General Book  
532_560000000000000_HIN_1975Circulation section Central Library, BUETCentral Library, BUET2014-12-07 62014-12-072014-12-07 532.56/HIN/1975 63805 General Book  
532_560000000000000_HIN_1975Circulation section Central Library, BUETCentral Library, BUET2014-12-07 72014-12-072014-12-07 532.56/HIN/1975 63810 General Book  
532_560000000000000_HIN_1975Circulation section Central Library, BUETCentral Library, BUET2014-12-07 82014-12-072014-12-07 532.56/HIN/1975 63808 General Book  
532_560000000000000_HIN_1975Circulation section Central Library, BUETCentral Library, BUET2014-12-07 92014-12-072014-12-07 532.56/HIN/1975 63809 General Book  
532_560000000000000_HIN_1975Circulation section Central Library, BUETCentral Library, BUET2023-02-28 102014-12-072014-12-07 532.56/HIN/19751638062022-11-14General Book  
532_560000000000000_HIN_1975Circulation section Central Library, BUETCentral Library, BUET2015-09-14 112014-12-072014-12-07 532.56/HIN/19751638152015-05-26General Book  
532_560000000000000_HIN_1975Circulation section Central Library, BUETCentral Library, BUET2015-03-09 122015-03-092015-03-09 532.56/HIN/1975 39158 General Book  
532_560000000000000_HIN_1975Reading section Central Library, BUETCentral Library, BUET2015-06-07 132015-06-072015-06-07 532.56/HIN/1975 58968 Reading Item  
532_560000000000000_HIN_1975Reading section Central Library, BUETCentral Library, BUET2015-06-07 142015-06-072015-06-07 532.56/HIN/1975 60653 Reading Item  
532_560000000000000_HIN_1975Reading section Central Library, BUETCentral Library, BUET2015-06-23 152015-06-232015-06-23 532.56/HIN/1975 52729 Reading Item  
532_560000000000000_HIN_1975Circulation section Central Library, BUETCentral Library, BUET2024-11-27 162024-11-161985-06-29 532.56 HIN/19751638112024-11-27General Book  
532_560000000000000_HIN_1975  Central Library, BUETCentral Library, BUET2024-11-16  2024-11-162024-11-16 532.56 HIN/1975   General Book  
532_560000000000000_HIN_1975Circulation section Central Library, BUETCentral Library, BUET2024-11-16 182024-11-162025-09-03 532.56 HIN/1975 39159 General Book